000 00956cam a22002771 4500
001 23211
003 BD-RjUL
005 20211209000914.0
008 140310s1959 nyu 000 0aeng
035 _a(BD-RjUL)23276
035 _a(OCoLC)1253751
040 _aDLC
_cFO
_dOCoLC
_dDLC
_dBD-RjUL
_beng
041 _aeng
082 _a920.5
_bPAL
100 1 _aParton, Margaret,
_d1915-1981.
_971545
245 1 4 _aThe leaf and the flame /
_c Margaret,Parton
260 _aNew York :
_bKnopf,
_c1959.
300 _a277 p. ;
_c22 cm.
500 _aThe author's five years experience in India as a staff correspondent of the New York Herald Tribune and as the wife of a British correspondent.
650 0 _aForeign correspondents
_xCorrespondence, reminiscences, etc.
_971546
651 0 _aIndia
_xDescription and travel.
_971547
651 0 _aIndia
_xSocial life and customs.
_971548
942 _2ddc
_cBK
999 _c23211
_d23211